Radioljubiteľskij izmeriteľnyj pribor.

Uložené v:
Podrobná bibliografia
Hlavný autor: Volkov, V. S
Médium: Kniha
Jazyk:Slovak
Vydané: Moskva, 1983.
Vydanie:1. izdanije
Fyzický popis: 40 strán.
Tagy: Pridať tag
Žiadne tagy, Buďte prvý kto otaguje tento záznam!

MARC

LEADER 00000nam a22000002i 4500
001 000627607
005 20191231122615.0
008 191231s1983 xo e 000 0 slo d
020 |c Kčs 3,20  |q (brožované) 
040 |a SVKKK  |b slo  |c SVKKK  |e rda 
100 1 |a Volkov, V. S 
245 1 0 |a Radioljubiteľskij izmeriteľnyj pribor. 
250 |a 1. izdanije 
264 1 |a Moskva,  |c 1983. 
300 |a 40 strán. 
336 |a text  |b txt  |2 rdacontent 
337 |a bez média  |b n  |2 rdamedia 
338 |a zväzok  |b nc  |2 rdacarrier 
500 |a Záznam revízie 
910 |a svkkk 
998 |a BK 
090 |g SCKHL  |k Sklad Pribinova 2. posch.  |a III.125050  |j 689756  |i 2720709771  |4 Zastaraná  |s Vyradená